000 00298nam a22001337a 4500
008 181102b xxu||||| |||| 00| 0 eng d
020 _a0801637112
041 _aeng
080 _a611
100 _a6
101 _aANA
245 _aPhysiology of Exercise and Sport
_cNoble, B.J
942 _2udc
_cBK
999 _c51672
_d51672